Terbunuhnja Presiden Kennedy. (Record no. 58790)

MARC details
000 -LEADER
fixed length control field 00566cam a22002051 4500
001 - CONTROL NUMBER
control field sa 64004859
003 - CONTROL NUMBER IDENTIFIER
control field DLC
005 - DATE AND TIME OF LATEST TRANSACTION
control field 20260227112028.0
008 - FIXED-LENGTH DATA ELEMENTS--GENERAL INFORMATION
fixed length control field 800718s1964 io ac 000 0 ind
010 ## - LIBRARY OF CONGRESS CONTROL NUMBER
LC control number sa 64004859
035 ## - SYSTEM CONTROL NUMBER
System control number (OCoLC)6528731
040 ## - CATALOGING SOURCE
Original cataloging agency DLC
Transcribing agency OAU
Modifying agency DLC
042 ## - AUTHENTICATION CODE
Authentication code premarc
050 00 - LIBRARY OF CONGRESS CALL NUMBER
Classification number E842.9
Item number .I3
100 1# - MAIN ENTRY--PERSONAL NAME
Personal name Idris, Soewardi.
245 10 - TITLE STATEMENT
Title Terbunuhnja Presiden Kennedy.
260 ## - PUBLICATION, DISTRIBUTION, ETC.
Place of publication, distribution, etc. Djakarta,
Name of publisher, distributor, etc. Tekad
Date of publication, distribution, etc. [1964]
300 ## - PHYSICAL DESCRIPTION
Extent 71 p.
Other physical details illus., ports.
Dimensions 19 cm.
600 10 - SUBJECT ADDED ENTRY--PERSONAL NAME
Personal name Kennedy, John F.
Fuller form of name (John Fitzgerald),
Dates associated with a name 1917-1963
General subdivision Assassination.

No items available.

Powered by Koha